| 000 | 00462nam a2200121Ia 4500 | ||
|---|---|---|---|
| 008 | 180412s9999||||xx |||||||||||||| ||und|| | ||
| 020 | _a683067280 | ||
| 040 | _aAhmadu Bello University Library - Zaria | ||
| 100 | _aSells, S.D. | ||
| 245 | 0 |
_aHuman functioning in longitudinal perspectives: studies of normal and psychopathic populations _cedited by S.D. Sells |
|
| 260 |
_aBaltimore _bWilliams & Wilkins _c1980 |
||
| 300 | _axv., 283p., tables. | ||
| 500 | _aIncludes bibliographical references | ||
| 999 |
_c21305 _d21305 |
||